[Event "Havana-B"]
[Site "Havana"]
[Date "1983.??.??"]
[Round "8"]
[White "Pinal, Nelson Borges"]
[Black "Cruz Lima, Jose M"]
[Result "1/2-1/2"]
[WhiteElo "2405"]
[BlackElo "2325"]

1.e4 c5 2.Nf3 Nc6 3.Bb5 g6 4.O-O Bg7 5.Re1 Nf6 6.e5 Nd5 7.b3 O-O 8.Bxc6 dxc6
9.Bb2 Nc7 10.d3 Bg4 11.Nbd2 Bh6 12.Re4 Qd7 13.h3 Bf5 14.Rh4 Bg7 15.Ne4 Bxe4
16.Rxe4 f5 17.exf6 exf6 18.Re1 Rfe8 19.Qd2 b6 20.a3 Qd6 21.Rxe8+ Rxe8 22.Re1 Re6
23.Rxe6 Nxe6 24.Qe3 Kf7 25.g3 Qd5 26.h4 h5 27.Kf1 Bf8 28.a4 Qd6 29.Nd2 Qd5
30.Nf3 Bh6 31.Qe4 a6 32.c4 Qd7 33.d4 cxd4 34.Nxd4 Nxd4 35.Qxd4 Qxd4 36.Bxd4 c5
37.Bc3 Ke6 38.Ke2 g5 39.f3 Kf5 40.Kf2 Bf8 41.Ke3  1/2-1/2

[Event "Havana"]
[Site "Havana"]
[Date "1983.??.??"]
[Round "9"]
[White "Zaitsev, Igor A"]
[Black "Ochoa de Echaguen, F Javier"]
[Result "1/2-1/2"]
[WhiteElo "2445"]
[BlackElo "2400"]

1.e4 c5 2.Nf3 Nc6 3.Bb5 g6 4.O-O Bg7 5.Re1 Nf6 6.c3 a6 7.Bf1 O-O 8.d4 cxd4
9.cxd4 d5 10.e5 Ne8 11.h3 f6 12.exf6 Bxf6 13.Nc3 e6 14.Bh6 Bg7 15.Bxg7 Nxg7
16.Rc1 Qf6 17.Rc2 Nf5 18.Rd2 Bd7 19.Na4 Rae8 20.Nc5 Bc8 21.a3 Re7 22.b4 Rc7
23.Qa1 h5 24.Qb2 g5 25.g4 hxg4 26.hxg4 Nh6 27.Nh2 Qf4 28.Nd3 Qxd4 29.Qxd4 Nxd4
30.Nc5 Nf3+ 31.Nxf3 Rxf3 32.Nxe6 Bxe6 33.Rxe6 Nxg4 34.Rxd5 Kf7 35.Red6 Rc1
36.Rc5 Rxc5 37.bxc5 Rxa3 38.Rd7+ Ke8 39.Rxb7 Rc3  1/2-1/2

[Event "Havana"]
[Site "Havana"]
[Date "1983.??.??"]
[Round "12"]
[White "Zaitsev, Igor A"]
[Black "Remon, Adelquis"]
[Result "1/2-1/2"]
[WhiteElo "2445"]
[BlackElo "2375"]

1.e4 c5 2.Nf3 Nc6 3.Bb5 e6 4.Nc3 Nge7 5.d4 cxd4 6.Nxd4 Nxd4 7.Qxd4 a6 8.Be2 Nc6
9.Qd1 Be7 10.O-O d6 11.Be3 b5 12.f4 Bb7 13.Qe1 O-O 14.Rd1 Qa5 15.Qf2 Qc7
16.Bf3 Rac8 17.g4 Nb8 18.a3 Nd7 19.g5 Rfe8 20.Bg2 Bf8 21.Qh4 d5 22.exd5 exd5
23.Bd4 Bc5 24.Qf2 Nb6 25.Rfe1 Rxe1+ 26.Rxe1 Bxd4 27.Qxd4 Kf8 28.Kh1 Qc5 29.Qd3 g6
30.f5 Re8 31.Rf1 Kg8  1/2-1/2

[Event "Poutiainen mem"]
[Site "Helsinki"]
[Date "1983.??.??"]
[Round "?"]
[White "Pirttimaki, Timo"]
[Black "Yrjola, Jouni"]
[Result "0-1"]
[WhiteElo "2380"]
[BlackElo "2310"]

1.e4 c5 2.Nf3 Nc6 3.Bb5 d6 4.O-O Bd7 5.c3 Nf6 6.Re1 a6 7.Ba4 b5 8.Bc2 Bg4
9.h3 Bxf3 10.Qxf3 g6 11.a4 Rb8 12.axb5 axb5 13.d3 Bg7 14.Be3 Nd7 15.Nd2 O-O
16.Qd1 b4 17.Ba4 Qc7 18.Qc2 bxc3 19.bxc3 Nb6 20.Bb3 Ne5 21.f4 c4 22.fxe5 cxb3
23.Qxb3 Bxe5 24.Ra3 e6 25.Qa2 d5 26.Kh1 Rfd8 27.Bxb6 Rxb6 28.d4 Bd6 29.Ra8 Rxa8
30.Qxa8+ Rb8 31.Qa1 Bf4 32.Nf3 Rc8 33.exd5 exd5 34.Qa2 Qd6 35.Qa5 g5 36.Qb4 Qf6
37.Qb5 Qc6 38.Qa5 Kg7 39.Rf1 Qc4 40.Re1 Qc6 41.Qa2 g4 42.g3 Qxc3 43.Qf2 Bxg3
44.Qxg3 Qxf3+ 45.Qxf3 gxf3 46.Kg1 Rc4 47.Rd1 Kf6 48.Rd3 Kg5 49.Kf2 f5 50.Kxf3 f4
51.h4+ Kf5 52.Rd1 Rc3+ 53.Kf2 Ke4 54.Re1+ Re3 55.Rd1 h5 56.Rd2 f3 57.Rd1 Re2+  0-1

[Event "Helsinki"]
[Site "Helsinki"]
[Date "1983.??.??"]
[Round "5"]
[White "Raaste, Eero J"]
[Black "Hurme, Harri M"]
[Result "1-0"]
[WhiteElo "2380"]
[BlackElo "2355"]

1.e4 c5 2.Nf3 Nc6 3.Bb5 g6 4.O-O Bg7 5.c3 Nf6 6.d4 Nxe4 7.d5 Nb8 8.Re1 Nf6
9.d6 e6 10.Bg5 Nc6 11.a4 b6 12.Nfd2 h6 13.Bh4 Bb7 14.Na3 Qb8 15.Bf1 Qxd6
16.Nb5 Qe7 17.Nc7+ Kf8 18.Ne4 g5 19.Nxf6 Qxf6 20.Bg3 Rd8 21.Bd6+ Kg8 22.Nb5 Rc8
23.Re3 a6 24.Na3 Qd8 25.Nc4 b5 26.axb5 axb5 27.Na3 b4 28.Nc4 bxc3 29.bxc3 Ne7
30.Bxe7 Qxe7 31.Nd6 Rc7 32.Ra7 Bf8 33.Nb5 d6 34.Nxc7 Qxc7 35.Qb3 Bd5 36.Qa4 Qc6
37.c4 Qxa4 38.Rxa4 Bc6 39.Ra6 Be8 40.Rb3 Kg7 41.Rb8  1-0

[Event "Lvov"]
[Site "Lvov"]
[Date "1983.??.??"]
[Round "?"]
[White "Pirttimaki, Timo"]
[Black "Sveshnikov, Evgeny"]
[Result "1-0"]
[WhiteElo "2360"]
[BlackElo "2505"]

1.e4 c5 2.Nf3 Nc6 3.Bb5 e6 4.O-O Nge7 5.Nc3 a6 6.Bxc6 Nxc6 7.d4 cxd4 8.Nxd4 d6
9.Re1 Bd7 10.Nxc6 Bxc6 11.Qg4 h5 12.Qg3 h4 13.Qg4 h3 14.g3 Qa5 15.Bg5 Kd7
16.b4 Qxb4 17.Qf3 f6 18.Nd5 Qa5 19.Bd2 Qxd2 20.Nb6+ Kd8 21.Nxa8 b5 22.a4 Bxa8
23.axb5 a5 24.c4 f5 25.c5 Bxe4 26.Qa3 Qd5 27.Red1 Bd3 28.Qxa5+ Ke7 29.Qa8 Qxa8
30.Rxa8 Bxb5 31.cxd6+ Kd7 32.Ra7+ Kc6 33.Rc7+ Kb6 34.Rc8 Kb7 35.Rdc1 f4 36.R1c7+ Kb6
37.Rb8+ Ka6 38.Rc1 Ka5 39.Ra1+ Kb4 40.d7 Bc5 41.Rxh8 Bxd7 42.Rb8+ Kc4 43.Rc1+ Kd5
44.Rd8  1-0

[Event "Netanya"]
[Site "Netanya"]
[Date "1983.??.??"]
[Round "6"]
[White "Ciocaltea, Victor"]
[Black "Kagan, Shimon"]
[Result "1-0"]
[WhiteElo "2420"]
[BlackElo "2435"]

1.e4 c5 2.Nf3 Nc6 3.Bb5 g6 4.O-O Bg7 5.c3 Nf6 6.Re1 O-O 7.h3 Qb6 8.Ba4 d5
9.e5 Nd7 10.d4 e6 11.Na3 cxd4 12.cxd4 f6 13.exf6 Nxf6 14.Nb5 Nh5 15.Be3 a6
16.Nc3 Qxb2 17.Rc1 Na5 18.Bb3 Nxb3 19.axb3 b5 20.Re2 Qa3 21.Ra2 Qb4 22.Bd2 Bb7
23.Ne4 Qe7 24.Nc5 Bc8 25.Nd3 Qf6 26.Nfe5 Qh4 27.Nf3 Qd8 28.Ba5 Qf6 29.Bb4 Re8
30.Nde5 Nf4 31.Rc7 Qf5 32.Rac2 Bxe5 33.Nxe5 Qe4 34.f3  1-0

[Event "SVK-ch"]
[Site "Nova Bana"]
[Date "1983.??.??"]
[Round "3"]
[White "Privara, Igor"]
[Black "Veselsky, Jozef"]
[Result "1/2-1/2"]
[WhiteElo "2255"]
[BlackElo "2200"]

1.e4 c5 2.Nf3 Nc6 3.Bb5 g6 4.O-O Bg7 5.c3 Nf6 6.Re1 O-O 7.h3 d6 8.d4 Qb6
9.Na3 a6 10.Bf1 cxd4 11.cxd4 d5 12.e5 Ne4 13.Nc2 f5 14.b3 Be6 15.Ba3 Rac8
16.Ne3 Qa5 17.Bb2 Rc7 18.Re2 Rfc8 19.Rc2 h6 20.Ne1 Nb8 21.Rxc7 Rxc7 22.Nd3 Nd7
23.b4 Qb6 24.a4 Qa7 25.a5 Qb8 26.Nc5 Ndxc5 27.bxc5 Bf7 28.Bc1 Bf8 29.Qb3 Qd8
30.f3 Ng3 31.Bd3 e6 32.Nf1 Nxf1 33.Bxf1 Be8 34.Rb1 Bc6 35.Be3 Rf7 36.Qc3 Be7
37.Qd2 g5 38.Rb6 f4 39.Bf2 Qc8 40.Bd3 Bd8 41.Rb1 Qc7 42.Be1 Rg7 43.Qc2 Qf7
44.Qe2 h5 45.Bc2 Qc7  1/2-1/2

[Event "BUL-ch"]
[Site "Pernik"]
[Date "1983.??.??"]
[Round "1"]
[White "Georgiev, Krum"]
[Black "Grigorov, Jordan N"]
[Result "1/2-1/2"]
[WhiteElo "2450"]
[BlackElo "2380"]

1.e4 c5 2.Nf3 Nc6 3.Bb5 Nf6 4.Qe2 g6 5.e5 Ng4 6.c3 Bg7 7.d4 cxd4 8.cxd4 Qb6
9.h3 Nh6 10.O-O Nf5 11.Bxc6 dxc6 12.Rd1 h5 13.Nc3 Be6 14.Na4 Qb5 15.Qxb5 cxb5  1/2-1/2

[Event "BUL-ch"]
[Site "Pernik"]
[Date "1983.??.??"]
[Round "3"]
[White "Zahariev, Zahari"]
[Black "Grigorov, Jordan N"]
[Result "0-1"]
[WhiteElo "2260"]
[BlackElo "2380"]

1.e4 c5 2.Nf3 Nc6 3.Bb5 e6 4.O-O Nge7 5.Nc3 Nd4 6.Nxd4 cxd4 7.Ne2 a6 8.Bc4 b5
9.Bb3 Nc6 10.d3 Bc5 11.Ng3 h5 12.h3 h4 13.Nh5 g6 14.Nf4 Qf6 15.c3 g5 16.Ne2 g4
17.cxd4 Bb6 18.Nf4 gxh3 19.Nxh3 Bxd4 20.Be3 Bb7 21.Rc1 Bxb2 22.Rc2 Bd4 23.Qe1 Rg8
24.Kh1 Qg7 25.f4 Bxe3 26.Qxe3 Qd4 27.Qe1 Rg3 28.f5 Qxd3 29.fxe6 fxe6 30.Nf4 Qe3
31.Re2 Qc3 32.Qxc3 Rxc3 33.Nd5 Rg3 34.Nc7+ Ke7 35.Nxa8 Bxa8 36.Rf4 Nd4 37.Ref2 Nxb3
38.axb3 h3 39.Kg1 hxg2 40.b4 Re3 41.Rxg2 Rxe4 42.Rxe4 Bxe4 43.Ra2 Bb7 44.Kf2 e5
45.Ke3 d5 46.Rh2 d4+ 47.Kd3 Ke6 48.Rh8 Bd5 49.Re8+ Kf6 50.Rf8+ Bf7 51.Ke4 Ke6
52.Rd8 Bg6+ 53.Kf3 Bb1 54.Rc8 Kd5 55.Rc5+ Kd6 56.Rc8 Bd3 57.Rd8+ Ke6 58.Re8+ Kd5
59.Rc8 e4+ 60.Kf4 e3 61.Kf3 Be4+ 62.Ke2 Bf5 63.Rf8 Ke4  0-1

[Event "BUL-ch"]
[Site "Pernik"]
[Date "1983.??.??"]
[Round "11"]
[White "Zahariev, Zahari"]
[Black "Semkov, Semko"]
[Result "1-0"]
[WhiteElo "2260"]
[BlackElo "2375"]

1.e4 c5 2.Nf3 Nc6 3.Bb5 d6 4.d4 cxd4 5.Qxd4 Bd7 6.Bxc6 Bxc6 7.Nc3 e6 8.Bg5 Nf6
9.O-O Be7 10.Rad1 O-O 11.Rfe1 h6 12.Bc1 Qc7 13.b3 Rfd8 14.Bb2 b5 15.Qd3 b4
16.Nb1 Qb7 17.Nbd2 e5 18.c4 Nd7 19.a4 Nc5 20.Qc2 a5 21.Re2 Rf8 22.Ne1 Bd8
23.f3 Bb6 24.Kh1 Qe7 25.Nf1 Ne6 26.Ne3 g6 27.Nd3 Qh4 28.c5 Nxc5 29.Nc4 Nxd3
30.Rxd3 Bc5 31.Nxd6 Bxd6 32.Rxd6 Bb7 33.Bxe5 Ba6 34.Bf6 g5 35.Re3 Rfc8 36.Qd2 Qf4
37.g3 Rc1+ 38.Kg2 Qxd6 39.Qxd6 Rc2+ 40.Kh3 Bf1+ 41.Kg4 Kh7 42.Qd5  1-0

[Event "Prague"]
[Site "Prague"]
[Date "1983.??.??"]
[Round "6"]
[White "Ambroz, Jan"]
[Black "Kirov, Nino"]
[Result "1/2-1/2"]
[WhiteElo "2420"]
[BlackElo "2425"]

1.e4 c5 2.Nf3 Nc6 3.Bb5 e6 4.Bxc6 bxc6 5.O-O Ne7 6.b3 Ng6 7.Bb2 Qc7 8.Re1 e5
9.c3 Bd6 10.d4 O-O 11.Nbd2 cxd4 12.cxd4 exd4 13.Bxd4 Ba6 14.Rc1 Bb4 15.Re3 Rac8
16.Bb2 Qf4 17.Nf1 Qd6 18.Nd4 Bxf1 19.Qxf1 Bd2 20.Nf5 Qb8 21.Bxg7 Bxe3 22.fxe3 f6
23.Bxf8 Rxf8 24.Qc4+ Kh8 25.Rd1 Ne5 26.Qc5 Rg8 27.Qd6 Qf8 28.Qxf8 Rxf8 29.Rd4 Kg8
30.Rb4 Kf7 31.Rb7 Ra8 32.Nd4 Ke7 33.Nf5+ Ke6 34.Rb4  1/2-1/2

[Event "BCF-ch"]
[Site "Southport"]
[Date "1983.??.??"]
[Round "4"]
[White "Horner, Jeff"]
[Black "Johansen, Darryl K"]
[Result "0-1"]
[WhiteElo "2380"]
[BlackElo "2485"]

1.e4 c5 2.Nf3 Nc6 3.Bb5 g6 4.O-O Bg7 5.Nc3 Nf6 6.Re1 O-O 7.e5 Ne8 8.d3 Nc7
9.Bc4 b6 10.Bg5 d5 11.exd6 Qxd6 12.Qe2 Be6 13.Rad1 Nd4 14.Nxd4 cxd4 15.Ne4 Qd7
16.Nd2 b5 17.Bb3 a5 18.Bf4 a4 19.Bxe6 Nxe6 20.Be5 Bxe5 21.Qxe5 Rac8 22.Rc1 Rc5
23.Qe2 Rfc8 24.Ne4 R5c6 25.Qd2 Qd5 26.g3 R8c7 27.a3 Ng7 28.Qb4 h6 29.Qa5 Ne6
30.c4 dxc3 31.Nxc3 Qf5 32.h4 Nd4 33.Rxe7 Rxe7 34.Qd8+ Kg7 35.Qxe7 Re6 36.Qb7 Re2
37.Ne4 Rxb2 38.Qc7 Rb3 39.Nd6 Ne2+ 40.Kf1 Nxg3+ 41.Kg2 Qd5+ 42.Kh2 Rxd3 43.Ne8+ Kh8
44.Qb8 Qd4 45.Nf6+ Kg7 46.Qg8+ Kxf6 47.Rc6+ Ke5 48.Qe8+ Kd5 49.Qd7+ Ke4 50.Qxf7 Nf5
51.Re6+ Kf4 52.Qc7+ Kg4 53.Rxg6+ Kh5 54.Qf7 Qxh4+ 55.Kg1 Rd1+ 56.Kg2 Qh1+  0-1

[Event "Tatran Cup"]
[Site "Stary Smokovec"]
[Date "1983.??.??"]
[Round "11"]
[White "Franzen, Josef"]
[Black "Nun, Josef"]
[Result "1/2-1/2"]
[WhiteElo "2330"]
[BlackElo "2390"]

1.e4 c5 2.Nf3 Nc6 3.Bb5 e6 4.O-O Nge7 5.d4 cxd4 6.Nxd4 a6 7.Nxc6 Nxc6 8.Bd3 Qc7
9.f4 Nb4 10.Be3 Bc5 11.Qe2 d6 12.Nd2 Bxe3+ 13.Qxe3 Qc5 14.Qxc5 dxc5 15.e5 O-O
16.Be4  1/2-1/2

[Event "Tbilisi"]
[Site "Tbilisi"]
[Date "1983.??.??"]
[Round "?"]
[White "Gavrikov, Viktor"]
[Black "Gurgenidze, Bukhuti"]
[Result "1-0"]
[WhiteElo "2485"]
[BlackElo "2470"]

1.e4 c5 2.Nf3 Nc6 3.Bb5 b6 4.O-O Bb7 5.Re1 e6 6.c3 a6 7.Bf1 g5 8.d4 g4 9.Nfd2 cxd4
10.Qxg4 Nf6 11.Qd1 d5 12.cxd4 Nxd4 13.Nc3 Bg7 14.Qa4+ Nc6 15.exd5 Nxd5 16.Qg4 O-O
17.Nxd5 Qxd5 18.Nc4 f5 19.Qg3 Rad8 20.Bg5 b5 21.Bxd8 Rxd8 22.Ne3 Qe5 23.Qxe5 Bxe5
24.Rab1 Kf7 25.Red1 Nd4 26.Rbc1 Rg8 27.Rxd4  1-0

[Event "Varna"]
[Site "Varna"]
[Date "1983.??.??"]
[Round "4"]
[White "Atanasov, Petko"]
[Black "Kirov, Nino"]
[Result "0-1"]
[WhiteElo "2400"]
[BlackElo "2425"]

1.e4 c5 2.Nf3 Nc6 3.Bb5 e6 4.O-O Nge7 5.Re1 Ng6 6.Nc3 a6 7.Bf1 Be7 8.d4 cxd4
9.Nxd4 O-O 10.Be3 Qc7 11.Nb3 b5 12.Qh5 Bf6 13.Rad1 d6 14.Bc1 Bxc3 15.bxc3 e5
16.g3 Nce7 17.Rd3 Bb7 18.Bg2 f5 19.Nd2 Rad8 20.Bh3 fxe4 21.Nxe4 Bxe4 22.Rxe4 d5
23.Re2 e4 24.Rde3 Ne5 25.c4 Nxc4 26.Rb3 Qc6 27.f3 Ng6 28.Bf5 Qf6 29.g4 Qd4+
30.Be3 Nxe3 31.Rexe3 Qd1+ 32.Kf2 Qxc2+ 33.Kf1 Rf6 34.Rbc3 Qd1+ 35.Re1 Qd2
36.Rc7 Qd3+ 37.Kg1 Qxf3 38.Rf1 Qe3+ 39.Kh1 Qe2 40.Be6+ Rxe6 41.Rff7 Qe1+
42.Kg2 Qd2+ 43.Kh3 Re7 44.Rcxe7 Nxe7 45.Rxe7 Rf8  0-1

[Event "Warsaw"]
[Site "Warsaw"]
[Date "1983.??.??"]
[Round "15"]
[White "Georgiev, Krum"]
[Black "Adamski, Jan"]
[Result "1/2-1/2"]
[WhiteElo "2440"]
[BlackElo "2425"]

1.e4 c5 2.Nf3 Nc6 3.Bb5 d6 4.c3 Nf6 5.Qe2 Bd7 6.O-O a6 7.Ba4 e5 8.d3 Be7
9.h3 O-O 10.Bb3 h6 11.Be3 Re8 12.Nbd2 Bf8 13.Rfe1  1/2-1/2

[Event "Yerevan Girls"]
[Site "Yerevan"]
[Date "1983.??.??"]
[Round "5"]
[White "Bistrikova, Elena V"]
[Black "Skripova, T."]
[Result "1-0"]
[WhiteElo "2000"]
[BlackElo "2035"]

1.e4 c5 2.Nf3 Nc6 3.Bb5 e6 4.O-O Nge7 5.b3 a6 6.Bxc6 Nxc6 7.Bb2 d6 8.d4 cxd4
9.Nxd4 Bd7 10.Nf3 Qc7 11.Ng5 Be7 12.h4 f6 13.Qh5+ g6 14.Qe2 fxg5 15.Bxh8 e5
16.Qc4 O-O-O 17.Bg7 gxh4 18.Nc3 b5 19.Qf7 Be8 20.Qg8 Nb4 21.Nd5 Nxd5 22.exd5 Bg5
23.c4 Bd7 24.Qf7 Bf5 25.Qxc7+ Kxc7 26.cxb5 axb5 27.a4 Rg8 28.axb5 Kb6 29.Ra6+ Kxb5
30.Ra7 Kc5 31.Rd1 h5 32.Rf7 Rc8 33.Bf6 Bc2 34.b4+ Kxb4 35.Ra1 Bd2 36.Rb7+ Kc3
37.Rb6 Bf4 38.Rc6+ Rxc6 39.dxc6 Bf5 40.c7 d5 41.Ra8 Kd3 42.c8=Q Bxc8 43.Rxc8 d4
44.Kf1 h3 45.gxh3 Ke4 46.Rd8 g5 47.Ke2 g4 48.hxg4 hxg4 49.Bh4 Bc1 50.Rg8 d3+
51.Kd1 Bf4 52.Rxg4 Kf3 53.Rg6 e4 54.Re6  1-0

[Event "Yerevan op"]
[Site "Yerevan"]
[Date "1983.??.??"]
[Round "7"]
[White "Plisetsky, D."]
[Black "Shushpanov, Vladimir"]
[Result "1/2-1/2"]
[WhiteElo "2200"]
[BlackElo "2240"]

1.e4 c5 2.Nf3 Nc6 3.Bb5 g6 4.O-O Bg7 5.c3 Nf6 6.Re1 O-O 7.d4 cxd4 8.cxd4 d6
9.h3 a6 10.Bxc6 bxc6 11.Nc3 Qb6 12.Na4 Qb5 13.Nc3 Qb6 14.Na4 Qb5  1/2-1/2

[Event "Nassau Int"]
[Site "Syosset"]
[Date "1984.08.11"]
[Round "5"]
[White "Sahu, Sekhar Chandra"]
[Black "Schroer, Jonathan"]
[Result "0-1"]
[WhiteElo "2320"]
[BlackElo "2325"]

1.e4 c5 2.Nf3 Nc6 3.Bb5 g6 4.O-O Bg7 5.Re1 e5 6.Bxc6 bxc6 7.d3 Ne7 8.Nbd2 O-O
9.Nc4 d6 10.Bd2 f5 11.Ba5 Qd7 12.b3 h6 13.Qe2 Ba6 14.Ncd2 Rf7 15.c4 Raf8
16.Rf1 Bc8 17.Ne1 g5 18.Bc3 Ng6 19.exf5 Nf4 20.Qd1 Qxf5 21.Ne4 Qg6 22.Ng3 h5
23.Ne2 Ne6 24.Bd2 g4 25.Rb1 Nd4 26.Nxd4 cxd4 27.b4 h4 28.Bc1 g3 29.Rb2 Bg4
30.Qa4 gxf2+ 31.Rbxf2 Rxf2 32.Rxf2 Rxf2 33.Kxf2 Qf5+ 34.Nf3 Bxf3 35.gxf3 Qh3
36.Qxc6 Qxh2+ 37.Kf1 Qh1+ 38.Kf2 Qxc1 39.Qd5+ Kh7 40.Qe4+ Kh6 41.Qxh4+ Kg6
42.Qg4+ Qg5 43.Qe4+ Qf5 44.Qe2 Bh6 45.c5  0-1

[Event "URS-ch sf"]
[Site "Barnaul"]
[Date "1984.??.??"]
[Round "?"]
[White "Rozentalis, Eduardas"]
[Black "Meister, Yakov"]
[Result "0-1"]
[WhiteElo "2465"]
[BlackElo "2200"]

1.e4 c5 2.Nf3 Nc6 3.Bb5 Nf6 4.e5 Nd5 5.O-O Nc7 6.Bxc6 dxc6 7.h3 Bf5 8.Nc3 e6
9.d3 Be7 10.Qe2 h6 11.Ne4 Nd5 12.c4 Nb6 13.b3 Qc7 14.Ba3 Nd7 15.d4 Qa5 16.Bxc5 Bxe4
17.Qxe4 Bxc5 18.dxc5 Nxc5 19.Qe3 O-O-O 20.Rfd1 Rxd1+ 21.Rxd1 Rd8 22.Rd6 Rxd6
23.exd6 f6 24.Qd4 Kd7 25.Qg4 g5 26.Qd4 Qa3 27.Qxf6 Qc1+ 28.Kh2 Qf4+ 29.Qxf4 gxf4
30.b4 Nd3 31.c5 b6 32.g4 bxc5 33.bxc5 Nxc5 34.Ne5+ Kxd6 35.Nf7+ Ke7 36.Ne5 Kd6
37.Nf7+ Kd5 38.Nxh6 Nd3 39.Ng8 c5 40.g5 Ne5 41.Kg2 c4 42.Kf1 Kd4 43.Ke2 f3+
44.Kd2 c3+ 45.Kc2 Nd3 46.a3 Nxf2 47.Ne7 Ne4 48.Nc6+ Ke3 49.Ne5 Nxg5 50.h4 Nf7
51.Ng4+ Ke2 52.Kxc3 f2 53.Nh2 f1=Q 54.Nxf1 Kxf1 55.Kd3 Kf2 56.Ke4 Kg3 57.h5 Kg4  0-1

[Event "Lang mem 5th"]
[Site "Brno"]
[Date "1984.??.??"]
[Round "10"]
[White "Kwiecien, Zbigniew"]
[Black "Jurka, Miroslav"]
[Result "1/2-1/2"]
[WhiteElo "2335"]
[BlackElo "2290"]

1.e4 c5 2.Nf3 Nc6 3.Bb5 g6 4.c3 Nf6 5.e5 Nd5 6.O-O Bg7 7.d4 cxd4 8.cxd4 O-O
9.Nc3 Nc7 10.a4 a6 11.Bd3 d6 12.Bf4 dxe5 13.dxe5 Bg4 14.Be2 Qc8 15.Nd4 Bxe2
16.Nxc6 bxc6 17.Qxe2 Nd5 18.Bg3 Nxc3 19.bxc3 Qe6  1/2-1/2

[Event "Alfoldi mem (Women)"]
[Site "Budapest"]
[Date "1984.??.??"]
[Round "?"]
[White "Heintze, Marion"]
[Black "Ghinda, Eugenia"]
[Result "1/2-1/2"]
[WhiteElo "2095"]
[BlackElo "2060"]

1.e4 c5 2.Nf3 Nc6 3.Bb5 d6 4.O-O Bd7 5.c3 Nf6 6.Re1 a6 7.Bf1 Bg4 8.d3 e5
9.Nbd2 b5 10.h3 Bd7 11.d4 Be7 12.a4 Rb8 13.axb5 axb5 14.d5 Na5 15.b4 Nb7
16.Bd3 O-O 17.Nf1 Qc7 18.Qe2 c4 19.Bc2 Ra8 20.Be3 Rfc8 21.Ng3 g6 22.Nd2 Be8
23.f4 exf4 24.Bxf4 Nd7 25.Nf3 Bf6 26.Qd2 Qd8 27.Ne2 Ne5 28.Ned4 Rxa1 29.Rxa1 Ra8
30.Qe1 Qb8 31.Be3 Bd8 32.Qb1 Bb6 33.Kf2 Ra7 34.Ne2 Bxe3+ 35.Kxe3 Qa8 36.Rxa7 Qxa7+
37.Nfd4 Nd8 38.Qf1 Kg7 39.Qf4 Qe7 40.Qg3 Qf6 41.Nf4  1/2-1/2

[Event "Midwest Masters-B"]
[Site "Chicago"]
[Date "1984.??.??"]
[Round "3"]
[White "Redman, Tim"]
[Black "Dandridge, Marvin"]
[Result "1/2-1/2"]
[WhiteElo "2090"]
[BlackElo "2305"]

1.e4 c5 2.Nf3 Nc6 3.Bb5 g6 4.Bxc6 dxc6 5.d3 Bg7 6.O-O e5 7.Nbd2 Ne7 8.Nc4 Qc7
9.Be3 b6 10.Qc1 h6 11.Bd2 Bg4 12.Nfxe5 Be6 13.Bf4 Qd8 14.Bg3 f6 15.Nf3 g5
16.Nd6+ Kf8 17.c3 h5 18.h4 g4 19.Nh2 Ng6 20.d4 Nxh4 21.dxc5 Ng6 22.Nf5 Kg8
23.Bd6 bxc5 24.Rd1 c4 25.Qe3 Qc8 26.Qc5 Bxf5 27.exf5 Nh4 28.Be7 Qxf5 29.Qxc6 Rc8
30.Qxc8+ Qxc8 31.Rd8+ Kf7 32.Rxc8 Rxc8 33.Bd6 f5 34.Nf1 Rc6 35.Rd1 Ke6 36.Bb4 Bf6
37.Ng3 f4 38.Nxh5 Be5 39.g3 fxg3 40.Nxg3 Bxg3 41.fxg3 Nf3+ 42.Kf2 Rc7 43.Ke3 Rf7
44.Rd6+ Kf5 45.Rd8 Rc7 46.Rf8+ Kg5 47.Rg8+  1/2-1/2

[Event "Copenhagen AS04& BSF"]
[Site "Copenhagen"]
[Date "1984.??.??"]
[Round "2"]
[White "Iskov, Gert"]
[Black "Kristiansen, Jens"]
[Result "0-1"]
[WhiteElo "2360"]
[BlackElo "2445"]

1.e4 c5 2.Nf3 Nc6 3.Bb5 g6 4.O-O Bg7 5.Re1 e5 6.Bxc6 dxc6 7.d3 Qe7 8.Nbd2 Nf6
9.a4 O-O 10.Nc4 Ne8 11.Bd2 f6 12.Rb1 Be6 13.b4 Bxc4 14.dxc4 Rf7 15.bxc5 Qxc5
16.Qe2 Qe7 17.Red1 Qe6 18.Bb4 Bf8 19.Bxf8 Kxf8 20.c5 Rd7 21.Rxd7 Qxd7 22.Qc4 Rd8
23.h3 Qe7 24.Qb4 Rd7 25.Ne1 Ng7 26.Nd3 Ne6 27.Kh2 Nd4 28.Qd2 Qf7 29.f4 Qa2
30.Rb2 Qxb2  0-1

[Event "Copenhagen AS04& BSF"]
[Site "Copenhagen"]
[Date "1984.??.??"]
[Round "4"]
[White "Kristiansen, Jens"]
[Black "Sveshnikov, Evgeny"]
[Result "1/2-1/2"]
[WhiteElo "2445"]
[BlackElo "2530"]

1.e4 c5 2.Nf3 Nc6 3.Bb5 e6 4.b3 Nd4 5.Nxd4 cxd4 6.O-O Ne7 7.c3 Nc6 8.cxd4 Nxd4
9.Bc4 b5 10.Bd3 g6 11.Bb2 Bg7 12.Kh1 O-O 13.Na3 Qb6 14.Nc2 Bb7 15.Nxd4 Bxd4
16.Bxd4 Qxd4 17.Qe2 Rfc8 18.Qe3 Qxe3 19.dxe3 b4 20.Rac1 a5 21.Rxc8+ Rxc8
22.Rd1 f5 23.exf5 gxf5 24.h3 Rc3 25.Kg1 Bd5 26.Kf1 a4 27.bxa4 Bxa2 28.Ke2 d5
29.Kd2 Ra3 30.Bb5 Bb3 31.Rb1 Kf7 32.Rb2 e5 33.Bd3 f4 34.exf4 e4 35.Bc2 Bxc2
36.Kxc2 Rxa4 37.Kb3 Ra8 38.Rd2 Ke6 39.Kxb4 Rc8 40.Kb3 h5 41.g3 Rc1 42.Rc2  1/2-1/2

[Event "CUB-ch"]
[Site "CUB"]
[Date "1984.??.??"]
[Round "11"]
[White "Pinal, Nelson Borges"]
[Black "Hernandez, Roman"]
[Result "0-1"]
[WhiteElo "2405"]
[BlackElo "2460"]

1.e4 c5 2.Nf3 Nc6 3.Bb5 g6 4.O-O Bg7 5.Re1 Nf6 6.e5 Nd5 7.Nc3 Nc7 8.Bxc6 dxc6
9.Ne4 Ne6 10.b3 b6 11.Bb2 h6 12.a4 a5 13.d3 Ra7 14.Ng3 O-O 15.Re4 f5 16.exf6 exf6
17.Re1 Re8 18.Qd2 Rae7 19.h3 Qd5 20.h4 h5 21.Re2 Nd4 22.Bxd4 cxd4 23.Rae1 Rxe2
24.Rxe2 Rxe2 25.Qxe2 Bg4 26.Qe8+ Kh7 27.Ne4 Bxf3 28.gxf3 Qf5 29.Kg2 Qf4 30.Qxc6 Qxh4
31.Qxb6 f5 32.Nd6 Qg5+ 33.Kf1 Qc1+ 34.Kg2 h4 35.Qc7 h3+ 36.Kxh3 Qh1+ 37.Kg3 f4+  0-1

[Event "New Delhi"]
[Site "Delhi"]
[Date "1984.??.??"]
[Round "?"]
[White "Mithrakanth, Poorna Sharma"]
[Black "Ravikumar, Vaidyanathan"]
[Result "1-0"]
[WhiteElo "2345"]
[BlackElo "2415"]

1.e4 c5 2.Nf3 Nc6 3.Bb5 g6 4.O-O Bg7 5.Re1 e5 6.Bxc6 bxc6 7.d3 d6 8.Na3 Ne7
9.Nc4 O-O 10.h3 h6 11.Bd2 Be6 12.Nh4 g5 13.Nf3 f5 14.exf5 Nxf5 15.Ba5 Qd7
16.Nfd2 Nh4 17.f3 Rf7 18.Re2 Raf8 19.Rb1 h5 20.Ne4 g4 21.Ncxd6 gxf3 22.Rf2 fxg2
23.Nxf7 Bxf7 24.Kh2 Bg6 25.Qe2 Rf4 26.Bd2 Qf5 27.Rxf4 exf4 28.Qf2 f3 29.Qxh4 Be5+
30.Kg1  1-0

[Event "BL2-N"]
[Site "Germany"]
[Date "1984.??.??"]
[Round "?"]
[White "Neumann, Joachim"]
[Black "Rostalski, Walter"]
[Result "1/2-1/2"]
[WhiteElo "2235"]
[BlackElo "2235"]

1.e4 c5 2.Nf3 Nc6 3.Bb5 a6 4.Bxc6 dxc6 5.O-O g6 6.h3 Bg7 7.a4 a5 8.Re1 e5
9.Na3 Ne7 10.Nc4 f6 11.d3 O-O 12.Qe2 Be6 13.Be3 b6 14.c3 Bxc4 15.dxc4 Qc7
16.Rad1  1/2-1/2

[Event "Graz"]
[Site "Graz"]
[Date "1984.??.??"]
[Round "?"]
[White "Sax, Gyula"]
[Black "Pils, Walter"]
[Result "1/2-1/2"]
[WhiteElo "2565"]
[BlackElo "2370"]

1.e4 c5 2.Nf3 Nc6 3.Bb5 e6 4.Bxc6 bxc6 5.O-O d6 6.e5 d5 7.b3 Be7 8.d3 f5
9.c4 d4 10.Ng5 g6 11.Nh3 Kd7 12.b4 cxb4 13.a3 b3 14.Nd2 c5 15.Nxb3 Ke8 16.Bd2 Rb8
17.Rb1 Bd7 18.Na5 Rb6 19.Nb7 Qb8 20.Nd6+ Kf8 21.Ba5 Rxb1 22.Qxb1 Bxd6 23.exd6 Qxd6
24.Qb7 Nf6 25.Re1 Kg7 26.Ng5 Re8 27.Bc7 Qe7 28.Qxa7 h6 29.Nf3 Bc6 30.Ne5 Rc8
31.Bb6 Qxa7 32.Bxa7 Ba4 33.Kf1 g5 34.Rb1 Ng4 35.Nf3 e5 36.h3 e4 37.hxg4 exf3
38.gxf3 Rc7 39.Bb8 Bc2 40.Bxc7 Bxd3+ 41.Ke1 Bxb1 42.Bd6 Kg6 43.Bxc5 fxg4
44.Bxd4 gxf3 45.Kd2  1/2-1/2

[Event "ISR-ch"]
[Site "?"]
[Date "1984.??.??"]
[Round "?"]
[White "Marantz, Michael"]
[Black "Kagan, Shimon"]
[Result "0-1"]
[WhiteElo "2420"]
[BlackElo "2455"]

1.e4 c5 2.Nf3 Nc6 3.Bb5 g6 4.O-O Bg7 5.c3 Nf6 6.Re1 O-O 7.d4 cxd4 8.cxd4 d5
9.e5 Ne4 10.Nc3 Nxc3 11.bxc3 Bg4 12.Bxc6 bxc6 13.Ba3 f6 14.e6 Qc7 15.h3 Bxf3
16.Qxf3 f5 17.Rab1 Rab8 18.Bc5 Bf6 19.Qd3 Qa5 20.Qc2 Kg7 21.Rb3 Qa4 22.Qb2 Rb5
23.Rxb5 cxb5 24.Rb1 a6 25.Qe2 Qc4 26.Qxc4 dxc4 27.Bb4 Rd8 28.g3 g5 29.g4 Kg6
30.Kg2 h5 31.f3 Rh8 32.a3 hxg4 33.hxg4 Ra8 34.Ba5 Rc8 35.a4 Rc6 36.Bb4 Rc8
37.Kg3 Ra8 38.Ra1 Rh8 39.Ra2 Rh4 40.Ra1 fxg4 41.fxg4 bxa4 42.Rxa4 Rh1 43.Rxa6 Rb1
44.Ra4 Re1 45.Ba5 Rxe6 46.Rxc4 Re3+ 47.Kf2 Re4 48.Kf3 Rf4+ 49.Kg3 Be5 50.Rc6+ Rf6+
51.dxe5 Rxc6 52.Bb4 Kf7 53.c4 Rxc4 54.Bd2 Kg6 55.Kf3 e6 56.Be3 Rc8 57.Kf2 Rf8+
58.Kg3 Rf7 59.Kg2 Rg7 60.Kf3 Kf7 61.Ke4 Ke7 62.Bd2 Kd7 63.Ba5 Rg8 64.Bb4 Kc6
65.Be7 Kb5 66.Bf6 Kc4  0-1

[Event "JUG-ch"]
[Site "?"]
[Date "1984.??.??"]
[Round "3"]
[White "Basagic, Zlatko"]
[Black "Ivanovic, Bozidar"]
[Result "0-1"]
[WhiteElo "2340"]
[BlackElo "2525"]

1.e4 c5 2.Nf3 Nc6 3.Bb5 e6 4.O-O Nge7 5.b3 a6 6.Bxc6 Nxc6 7.Bb2 d6 8.d4 cxd4
9.Nxd4 Qc7 10.c4 Bd7 11.Nd2 Qb6 12.N4f3 Be7 13.Bxg7 Rg8 14.Bh6 O-O-O 15.Be3 Qa5
16.c5 d5 17.a3 Bf6 18.e5 Nxe5 19.Bd4 Nxf3+ 20.Nxf3 Bxd4 21.Qxd4 Qc7 22.Rfe1 Kb8
23.Ne5 Bc8 24.f4 f6 25.Nd3 Rg6 26.Re2 Rdg8 27.Rc1 Bd7 28.a4 Bc6 29.Rcc2 e5
30.fxe5 Rg4 31.Nf4 fxe5 32.Rxe5 Rf8 33.Rf2 Qg7 34.g3 Rf5 35.Ne6 Rxd4 36.Rfxf5 Rd1+
37.Kf2 Qh6 38.h4 d4 39.Rg5 Ka7 40.Nc7 Qf6+ 41.Rgf5 Qg7  0-1

[Event "SWE-ch"]
[Site "Linkoping"]
[Date "1984.??.??"]
[Round "?"]
[White "Bengtsson, Bo"]
[Black "Pietrusiak, Bogdan"]
[Result "1/2-1/2"]
[WhiteElo "2200"]
[BlackElo "2270"]

1.e4 c5 2.Nf3 Nc6 3.Bb5 g6 4.O-O Bg7 5.Re1 Nf6 6.c3 O-O 7.h3 e5 8.Na3 Re8
9.d4 cxd4 10.cxd4 a6 11.Bf1 d5 12.exd5 Nxd5 13.dxe5 Nxe5 14.Nxe5 Rxe5 15.Rxe5 Bxe5
16.Nc4 Bf6 17.Qf3 Be6  1/2-1/2